Pop art / (Record no. 5837)

MARC details
000 -LEADER
fixed length control field 01280cam a2200361 a 4500
001 - CONTROL NUMBER
control field 11939714
003 - CONTROL NUMBER IDENTIFIER
control field OSt
005 - DATE AND TIME OF LATEST TRANSACTION
control field 20260429151632.0
008 - FIXED-LENGTH DATA ELEMENTS--GENERAL INFORMATION
fixed length control field 000313s1999 gw a b 000 0 eng
010 ## - LIBRARY OF CONGRESS CONTROL NUMBER
LC control number 00265471
020 ## - INTERNATIONAL STANDARD BOOK NUMBER
International Standard Book Number 3822870218
020 ## - INTERNATIONAL STANDARD BOOK NUMBER
International Standard Book Number 9783822837566
035 ## - SYSTEM CONTROL NUMBER
System control number 11939714
040 ## - CATALOGING SOURCE
Original cataloging agency DLC
Transcribing agency Foundation University
043 ## - GEOGRAPHIC AREA CODE
Geographic area code n-us---
050 00 - LIBRARY OF CONGRESS CALL NUMBER
Classification number N 6494.P6
Item number O88 2011
100 1# - MAIN ENTRY--PERSONAL NAME
Personal name Osterwold, Tilman.
9 (RLIN) 15768
245 10 - TITLE STATEMENT
Title Pop art /
Statement of responsibility, etc. Tilman Osterwold.
250 ## - EDITION STATEMENT
Edition statement [2nd ed.]
260 ## - PUBLICATION, DISTRIBUTION, ETC.
Place of publication, distribution, etc. Köln ;
-- New York :
Name of publisher, distributor, etc. Taschen,
Date of publication, distribution, etc. c2011
264 ## - PRODUCTION, PUBLICATION, DISTRIBUTION, MANUFACTURE, AND COPYRIGHT NOTICE
Copyright Date 2011
300 ## - PHYSICAL DESCRIPTION
Extent 239, [1] p. :
Other physical details ill. (some col.) ;
Dimensions 31 cm.
Materials specified books
Type of unit books
336 ## - CONTENT TYPE
Content type term text
Content type code txt
Source rdacontent
Materials specified books
337 ## - MEDIA TYPE
Media type term unmediated
Media type code n
Source rdamedia
Materials specified books
338 ## - CARRIER TYPE
Carrier type term volume
Carrier type code nc
Source rdacarrier
Materials specified books
504 ## - BIBLIOGRAPHY, ETC. NOTE
Bibliography, etc. note Includes bibliographical references (p. [240]).
650 #0 - SUBJECT ADDED ENTRY--TOPICAL TERM
Topical term or geographic name entry element Pop art
Geographic subdivision United States.
9 (RLIN) 15769
650 #0 - SUBJECT ADDED ENTRY--TOPICAL TERM
Topical term or geographic name entry element Art, American
Chronological subdivision 20th century.
9 (RLIN) 12594
906 ## - LOCAL DATA ELEMENT F, LDF (RLIN)
a 7
b cbc
c origcop
d 2
e ncip
f 20
g y-gencatlg
942 ## - ADDED ENTRY ELEMENTS (KOHA)
Source of classification or shelving scheme Library of Congress Classification
Koha item type Books
Classification part N 6494.P6
Item part 2011 O88
Call number prefix (DAFA-FA)
Holdings
Withdrawn status Lost status Source of classification or shelving scheme Damaged status Not for loan Collection code Home library Current library Shelving location Date acquired Source of acquisition Total Checkouts Full call number Barcode Date last seen Price effective from Koha item type Accession Number
    Library of Congress Classification     Non-fiction Foundation University Library Foundation University Library DoArchitecture & Fine Arts 04/29/2026 Donations   (DAFA-FA) N 6494.P6 2011 O88 0192026003256 04/29/2026 04/29/2026 Books DAFA-2026256